000
00310 a2200145 4500
001
176029
020
_a
040
_c
Magnum
100
_a
Rodrigues, Iara
240
1
0
_a
Como defender a ecologia
_l
por
245
1
0
_a
Como defender a ecologia
362
0
_a
1899
697
_a
MAGNITO: ECOLOGIA
942
_c
BK
999
_c
176029
_d
176029